Prognózovanie a plánovanie v poľnohospodárstve materiály k cvičeniam

Salvato in:
Dettagli Bibliografici
Autore principale: Grznár, Miroslav
Ente Autore: Vysoká škola ekonomická v Bratislave. Fakulta riadenia
Altri autori: Korená, Mária
Natura: Libro
Lingua:slovacco
Pubblicazione: Bratislava VŠE 1984
Tags: Aggiungi Tag
Nessun Tag, puoi essere il primo ad aggiungerne!!

MARC

LEADER 00000nam a2200000 4500
001 c116989
005 20230116121433.6
041 0 |a slo 
044 |a SK 
245 1 0 |a Prognózovanie a plánovanie v poľnohospodárstve  |b materiály k cvičeniam  |c Miroslav Grznár, Mária Korená 
264 1 |a Bratislava  |b VŠE  |c 1984 
300 |a 181 s. 
100 1 |a Grznár, Miroslav 
700 1 |a Korená, Mária 
710 2 |a Vysoká škola ekonomická v Bratislave. Fakulta riadenia